000 00685nmc a2200277 a 4500
003 AR-BaBNM
005 20251128211502.0
008 284020s2000 ||||||||||||||000 | spa||
020 _a960-7609-80-8
040 _cAR-BaBNM
100 1 _aDumas, Alexandre
245 1 0 _aThe three musketeers
250 _a1st ed.
260 _aAtenas
_bNew Editions
_c2000
300 0 _a58 p.
_bil.
490 0 _aBestseller readers
650 4 _aENSENANZA DE IDIOMAS
650 4 _aINGLES
650 4 _aLIBROS DE TEXTO
653 0 _aNARRATIVA
653 0 _aEDUCACION PRIMARIA
653 0 _aNOVELA DE AVENTURAS
700 1 _aKordas, Diana
_eadaptador
942 _cBK
998 _craquel
999 _c19853
_d19853